000 01425nam0a22003251 4500
001 rc\2991559
005 20260407071539.0
035 _a(NLR Aleph) 007135616
090 _a7003562
_c7003562
100 _a20110915d1944 u y0rusy50 ca
101 1 _arus
_afre
_cfre
102 _aRU
105 _ay z |||||
200 1 _aШуаны или Бретань в 1799 году
_fОнорэ де Бальзак
_gПер. Н. Немчиновой
_gПредисл. И. Анисимова
_gИст. очерк "Шуаны", (с. 287-297) и примеч. Ф. Хейфец
210 _aМосква
_cГослитиздат
_d1944
_gОбразцовая тип.
215 _a303 с.
_d20 см
300 _aНа обороте тит. л.: Honoré de Balzac. Les chouans oú la Bretagne en 1799
464 0 _12001#$aШуаны
_1700#1$aХейфец$bФ.$4070
_tШуаны
_aХейфец, Ф.
700 1 _aДе Бальзак
_bО.
_f1799-1850
_gОноре
702 1 _aНемчинова
_bН.
_4730
702 1 _4080
_7ca
_8rus
_aАнисимов
_bИ. И.
_cд-р филол. наук
_f1899-1966
_gИван Иванович
_3RU\NLR\AUTH\770280221
_92652188
702 1 _aХейфец
_bФ.
_4570
801 0 _aRU
_bNLR
_gpsbo
801 1 _aRU
_bELAR
_2rusmarc
852 _aNLR
_jЛ60 Г-3/21
942 _cBOOK
945 _aРоссийская национальная библиотека
980 _aNB
980 _aBV